The Impact of Controlson Capital Movementson the Private Capital Accounts of Countries' Balance of Payments : Empirical Estimates and Policy Implications /

This paper reports research on the impact of controls on capital movements on the private capital accounts of countries' balance of payments using data drawn from 52 countries for the period 1985-92. The results indicate that: (1) capital controls operated by developing countries have not been...

Fuld beskrivelse

Bibliografiske detaljer
Hovedforfatter: Johnston, R.
Andre forfattere: Ryan, Chris
Format: Tidsskrift
Sprog:English
Udgivet: Washington, D.C. : International Monetary Fund, 1994.
Serier:IMF Working Papers; Working Paper ; No. 1994/078
Online adgang:Full text available on IMF
LEADER 01936cas a2200253 a 4500
001 AALejournalIMF008902
008 230101c9999 xx r poo 0 0eng d
020 |c 5.00 USD 
020 |z 9781451956207 
022 |a 1018-5941 
040 |a BD-DhAAL  |c BD-DhAAL 
100 1 |a Johnston, R. 
245 1 4 |a The Impact of Controlson Capital Movementson the Private Capital Accounts of Countries' Balance of Payments :   |b Empirical Estimates and Policy Implications /  |c R. Johnston, Chris Ryan. 
264 1 |a Washington, D.C. :  |b International Monetary Fund,  |c 1994. 
300 |a 1 online resource (46 pages) 
490 1 |a IMF Working Papers 
500 |a <strong>Off-Campus Access:</strong> No User ID or Password Required 
500 |a <strong>On-Campus Access:</strong> No User ID or Password Required 
506 |a Electronic access restricted to authorized BRAC University faculty, staff and students 
520 3 |a This paper reports research on the impact of controls on capital movements on the private capital accounts of countries' balance of payments using data drawn from 52 countries for the period 1985-92. The results indicate that: (1) capital controls operated by developing countries have not been effective in insulating the private capital accounts of these countries' balance of payments, and (2) capital controls operated by industrial countries significantly affected the structure of their capital flows mainly by inhibiting net foreign direct and portfolio investment outflows. The results, which are consistent with other observations, raise issues for the policy toward the maintenance and liberalization of controls on capital movements by developing countries. 
538 |a Mode of access: Internet 
700 1 |a Ryan, Chris. 
830 0 |a IMF Working Papers; Working Paper ;  |v No. 1994/078 
856 4 0 |z Full text available on IMF  |u http://elibrary.imf.org/view/journals/001/1994/078/001.1994.issue-078-en.xml  |z IMF e-Library